000 01156cam a22002174a 4500
005 20250605163957.0
008 250528s ||||||||||||||||||||||||d
035 _a15494
020 _a137237278
040 _aGR-AtMCL
_bgre
_dGR-AtMCL
_eAACR2
245 1 _aProduction/ Operations Management / Text and Cases
250 _a2nd
260 _bPrentice Hall,
_c1991
300 _a658
505 0 _aProduction/ Operations: Management Role and Strategic Context, Process Related Issues, Product and Service Investment Decisions, Capacity Investment Decisions, Infrastructure-Related Issues, The task, Materials Control, The Study and Control of Work, Quality Control, Maintenance, The Job of Work, Remuneration, Cases, Index.
520 _aProduction/ Operations: Management Role and Strategic Context, Process Related Issues, Product and Service Investment Decisions, Capacity Investment Decisions, Infrastructure-Related Issues, The task, Materials Control, The Study and Control of Work, Quality Control, Maintenance, The Job of Work, Remuneration, Cases, Index.
700 1 _aHill Terry
_91430
942 _cBK
999 _c1073
_d1073